[Event "Vall del Tenes op 5th"]
[Site "Vall del Tenes"]
[Date "2016.04.29"]
[Round "4"]
[White "Bouzas Arcos, Juan Manuel"]
[Black "Alonso Liarte, Ivan"]
[Result "1-0"]
[WhiteElo "1808"]
[BlackElo "1507"]
[PlyCount "43"]
[EventDate "2016.04.08"]
[EventType "swiss"]
[EventRounds "8"]
[EventCountry "ESP"]
[SourceTitle "CBM 172 Extra"]
[Source "ChessBase"]
[SourceDate "2016.06.21"]
[SourceVersion "1"]
[SourceVersionDate "2016.06.21"]
[SourceQuality "1"]

1. e4 c5 2. Nf3 d6 3. d4 cxd4 4. Nxd4 Nf6 5. Nc3 g6 6. Be3 Bg7 7. f3 Nc6 8. Qd2 d5 9. Nxc6 bxc6 10. 0-0-0 e6 11. Bh6 0-0 12. Bxg7 Kxg7 13. g4 Bb7 14. e5 Ng8 15. h4 c5 16. h5 g5 17. h6+ Nxh6 18. Qh2 Rh8 19. Qxh6+ Kg8 20. Rh5 f6 21. exf6 Kf7 22. Qg7+ 1-0

[Event "Vall del Tenes op 4th"]
[Site "Santa Eulalia de Roncana"]
[Date "2015.05.15"]
[Round "5"]
[White "Flores Munoz, Daniel"]
[Black "Bouzas Arcos, Juan Manuel"]
[Result "1-0"]
[WhiteElo "1882"]
[BlackElo "2014"]
[PlyCount "73"]
[EventDate "2015.04.10"]
[EventType "swiss"]
[EventRounds "8"]
[EventCountry "ESP"]
[SourceTitle "CBM 166 Extra"]
[Source "ChessBase"]
[SourceDate "2015.06.18"]
[SourceVersion "1"]
[SourceVersionDate "2015.06.18"]
[SourceQuality "1"]

1. d4 e6 2. e4 d5 3. e5 c5 4. c3 Nc6 5. Bb5 Bd7 6. Bxc6 Bxc6 7. f4 Nh6 8. Nf3 Nf5 9. 0-0 Qb6 10. Kh1 Be7 11. Re1 0-0 12. dxc5 Bxc5 13. Ng5 h6 14. Nf3 Ne3 15. Bxe3 Bxe3 16. f5 exf5 17. Qe2 f4 18. Na3 Rad8 19. Rab1 Rfe8 20. Qd3 d4 21. Nc4 dxc3 22. Qxc3 Qa6 23. Nd6 Re6 24. a3 Rexd6 25. exd6 Rxd6 26. Rbd1 Rxd1 27. Rxd1 Qb6 28. Ne5 Ba4 29. Qc8+ Kh7 30. Qf5+ Kg8 31. Qxf7+ Kh7 32. Qf5+ Kh8 33. Rd8+ Qxd8 34. Nf7+ Kg8 35. Nxd8 Bb6 36. Qf7+ Kh7 37. Ne6 1-0

[Event "Vall del Tenes op 1st"]
[Site "Vall del Tenes"]
[Date "2012.06.01"]
[Round "8"]
[White "Bouzas Arcos, Juan Manuel"]
[Black "Sola Lluch, Miguel Angel"]
[Result "1/2-1/2"]
[WhiteElo "1789"]
[BlackElo "1967"]
[PlyCount "64"]
[EventDate "2012.04.13"]
[EventType "swiss"]
[EventRounds "8"]
[EventCountry "ESP"]
[SourceTitle "CBM 148 Extra"]
[Source "ChessBase"]
[SourceDate "2012.06.22"]
[SourceVersion "1"]
[SourceVersionDate "2012.06.22"]
[SourceQuality "1"]

1. e4 c5 2. Nf3 d6 3. d4 cxd4 4. Nxd4 Nc6 5. c4 Nf6 6. Nc3 e6 7. Be3 Be7 8. Be2 0-0 9. 0-0 d5 10. cxd5 exd5 11. exd5 Nxd5 12. Nxd5 Qxd5 13. Bf3 Qd7 14. Nxc6 bxc6 15. Qc2 Bb7 16. Rfd1 Qc7 17. Rac1 c5 18. Bxb7 Qxb7 19. b3 Rac8 20. Qf5 Rfd8 21. Rxd8+ Rxd8 22. Qg4 Qd5 23. h4 h5 24. Qg3 Bd6 25. Qg5 Qxg5 26. Bxg5 f6 27. Be3 Rc8 28. Rc4 Rc7 29. Kf1 Kf7 30. Ke2 Ke6 31. Ra4 Kd5 32. Kd3 g6 1/2-1/2

[Event "Vall del Tenes op 1st"]
[Site "Vall del Tenes"]
[Date "2012.05.04"]
[Round "4"]
[White "Bouzas Arcos, Juan Manuel"]
[Black "Pozanco Romasanta, Marc"]
[Result "0-1"]
[WhiteElo "1789"]
[BlackElo "1991"]
[PlyCount "78"]
[EventDate "2012.04.13"]
[EventType "swiss"]
[EventRounds "8"]
[EventCountry "ESP"]
[SourceTitle "CBM 148 Extra"]
[Source "ChessBase"]
[SourceDate "2012.06.22"]
[SourceVersion "1"]
[SourceVersionDate "2012.06.22"]
[SourceQuality "1"]

1. e4 c5 2. Nf3 e6 3. d4 cxd4 4. Nxd4 Nf6 5. Bd3 Nc6 6. Nxc6 bxc6 7. Be3 d5 8. exd5 cxd5 9. 0-0 Bd6 10. Nd2 0-0 11. Bg5 h6 12. Bh4 e5 13. c4 e4 14. Bxf6 Qxf6 15. Bc2 Qe5 16. f4 Qd4+ 17. Kh1 Bb4 18. Nb3 Qxc4 19. Rc1 Bb7 20. Bb1 Qa6 21. Nd4 Rac8 22. Qg4 Rxc1 23. Rxc1 Rc8 24. Rd1 Bc5 25. Nf5 Qg6 26. Qh3 Re8 27. Ne3 Bxe3 28. Qxe3 Qb6 29. Qe2 Ba6 30. Qc2 Bd3 31. Qd2 Bxb1 32. Rxb1 d4 33. f5 e3 34. Qe2 Qa5 35. f6 Qf5 36. Rf1 Qxf1+ 37. Qxf1 e2 38. Qe1 d3 39. Kg1 d2 0-1

[Event "Vall del Tenes op 2nd"]
[Site "Santa Eulalia de Roncana"]
[Date "2010.05.20"]
[Round "5"]
[White "Bautista Ballester, Jordi"]
[Black "Bouzas Arcos, Juan Manuel"]
[Result "1-0"]
[WhiteElo "1915"]
[BlackElo "1777"]
[PlyCount "57"]
[EventDate "2010.04.22"]
[EventType "swiss"]
[EventRounds "9"]
[EventCountry "ESP"]
[SourceTitle "EXT 2011"]
[Source "ChessBase"]
[SourceDate "2010.11.26"]
[SourceVersion "1"]
[SourceVersionDate "2010.11.26"]
[SourceQuality "1"]

1. e4 c5 2. Nc3 Nc6 3. f4 g6 4. Nf3 Bg7 5. Bc4 e6 6. 0-0 Nge7 7. e5 d5 8. exd6 Nf5 9. d7+ Qxd7 10. Ne4 0-0 11. d3 a6 12. c3 b6 13. Bb3 Bb7 14. Qe2 Rfd8 15. g4 Nh6 16. g5 Nf5 17. Bc2 Qe7 18. Be3 Rd7 19. a4 a5 20. Nfd2 Ba6 21. Nf2 Rad8 22. Rad1 e5 23. Nde4 Nxe3 24. Qxe3 Bb7 25. Ng4 Kh8 26. Qh3 Qe6 27. f5 Qe8 28. Nef6 Bxf6 29. Nxf6 1-0

[Event "Roncana Tancats-chT 1st"]
[Site "Santa Eulalia de Roncana"]
[Date "2009.04.30"]
[Round "2"]
[White "Mas Recorda, Pere"]
[Black "Bouzas Arcos, Juan Manuel"]
[Result "1-0"]
[WhiteElo "1934"]
[BlackElo "1774"]
[PlyCount "45"]
[EventDate "2009.04.23"]
[EventType "team-swiss"]
[EventRounds "9"]
[EventCountry "ESP"]
[SourceTitle "EXT 2011"]
[Source "ChessBase"]
[SourceDate "2010.11.26"]
[SourceVersion "1"]
[SourceVersionDate "2010.11.26"]
[SourceQuality "1"]

1. d4 f5 2. c4 Nf6 3. Nc3 e6 4. g3 d5 5. Bg2 c6 6. Qb3 Bd6 7. Nf3 0-0 8. 0-0 Nbd7 9. Bf4 Bxf4 10. gxf4 Ne4 11. Rad1 Rf6 12. cxd5 exd5 13. Ne5 Nxe5 14. dxe5 Rh6 15. Nxd5 cxd5 16. Rxd5 Be6 17. Rxd8+ Rxd8 18. Qxb7 Rg6 19. f3 Nd2 20. Rc1 Bd5 21. Qc7 Rf8 22. b3 Ra6 23. Qd7 1-0